Updated Top 5 Cities in Minnesota by Population - Statistics

General Stats
  • This quiz has been taken 59 times
  • The average score is 4 of 5
Answer Stats
County City % Correct
Hennepin Minneapolis
100%
Ramsey St Paul
98%
St Louis Duluth
88%
Olmsted Rochester
74%
Hennepin Bloomington
58%
No matching quizzes found
Score Distribution
Percent of People with Each Score
Percentile by Number Answered
Your Score History
You have not taken this quiz